Online
Catalog

[catálogo] UNIBE República Dominicana / (Record no. 56781)

MARC details
000 -CABECERA
campo de control de longitud fija 01402nam a2200289 i 4500
003 - IDENTIFICADOR DEL NÚMERO DE CONTROL
campo de control DO-SdBNP
005 - FECHA Y HORA DE LA ÚLTIMA TRANSACCIÓN
campo de control 20240605092144.0
006 - CÓDIGOS DE INFORMACIÓN DE LONGITUD FIJA--CARACTERÍSTICAS DEL MATERIAL ADICIONAL
campo de control de longitud fija a||||gr|||| 00| 0
007 - CAMPO FIJO DE DESCRIPCIÓN FÍSICA--INFORMACIÓN GENERAL
campo de control de longitud fija ta
008 - DATOS DE LONGITUD FIJA--INFORMACIÓN GENERAL
campo de control de longitud fija 240605e2002 dr ac||| |||| 00| 0 spa d
040 ## - FUENTE DE LA CATALOGACIÓN
Centro catalogador/agencia de origen DO-SdBNP
Lengua de catalogación spa
Centro/agencia transcriptor BNPHU
Normas de descripción rda
082 #1 - NÚMERO DE LA CLASIFICACIÓN DECIMAL DEWEY
Número de edición 22
Número de documento/Ítem U58u
110 2# - ENTRADA PRINCIPAL--NOMBRE DE ENTIDAD CORPORATIVA
Nombre de entidad corporativa o nombre de jurisdicción como elemento de entrada Universidad Iberoamericana (Santo Domingo, República Dominicana)
9 (RLIN) 84319
Término indicativo de función/relación autor
245 10 - MENCIÓN DE TÍTULO
Título [catálogo] UNIBE República Dominicana /
Mención de responsabilidad, etc. Fotografías: Luis Nova, Raúl Cubillast, María de Lourdes Montes de Oca
264 #1 - PRODUCCIÓN, PUBLICACIÓN, DISTRIBUCIÓN, FABRICACIÓN Y COPYRIGHT
Producción, publicación, distribución, fabricación y copyright Santo Domingo :
Nombre del de productor, editor, distribuidor, fabricante UNIBE,
Fecha de producción, publicación, distribución, fabricación o copyright 2002
300 ## - DESCRIPCIÓN FÍSICA
Extensión 42 páginas :
Otras características físicas ilustraciones, retratos ;
Dimensiones 28 cm.
336 ## - TIPO DE CONTENIDO
Fuente rdacontent
Término de tipo de contenido texto
Código de tipo de contenido txt
337 ## - TIPO DE MEDIO
Fuente rdamedia
Nombre/término del tipo de medio sin mediación
Código del tipo de medio n
338 ## - TIPO DE SOPORTE
Fuente rdacarrier
Nombre/término del tipo de soporte volumen
Código del tipo de soporte nc
500 ## - NOTA GENERAL
Nota general
505 #0 - NOTA DE CONTENIDO CON FORMATO
Nota de contenido con formato Contenido.-- Bienvenida.-- Objetivos y Filosofía.-- Historia.
Título Carreras:
-- Medicina.-- Odontología.-- Arquitectura.-- Diseño y Decoración Arquitetónica.-- Educación Temprana.-- Psicología.-- Comunicación Publicitaria.-- Ciencias de la Religión.-- Derecho.--Ingeniería Civil.-- Administración de Empresas.-- Administración de Empresas Turísticas y Hoteleras.-- Mercadeo.--
-- Facilidades.
590 ## - NOTA LOCAL (RLIN)
Nota local Inventariado 2024 / MF
700 1# - PUNTO DE ACCESO ADICIONAL--NOMBRE DE PERSONA
Nombre de persona Nova, Luis,
9 (RLIN) 36995
Término indicativo de función/relación fotografía
700 1# - PUNTO DE ACCESO ADICIONAL--NOMBRE DE PERSONA
Nombre de persona Cubillast, Raúl,
Término indicativo de función/relación fotografía
9 (RLIN) 85598
700 1# - PUNTO DE ACCESO ADICIONAL--NOMBRE DE PERSONA
Nombre de persona Montes de Oca, María de Lourdes,
Término indicativo de función/relación fotografía
9 (RLIN) 85599
942 ## - ELEMENTOS DE PUNTO DE ACCESO ADICIONAL (KOHA)
Fuente del sistema de clasificación o colocación Dewey Decimal Classification
Tipo de ítem Koha Folleto
Holdings
Estado de retiro Estado de pérdida Fuente del sistema de clasificación o colocación Restricciones de uso No para préstamo Código de colección Localización permanente Ubicación/localización actual Ubicación en estantería Fecha de adquisición Fuente de adquisición Total de préstamos Signatura topográfica completa Código de barras Fecha visto por última vez Precio válido a partir de Tipo de ítem Koha
    Dewey Decimal Classification Excluido de préstamo   Patrimonio Dominicano Folletos Biblioteca Nacional Pedro Henríquez Ureña Biblioteca Nacional Pedro Henríquez Ureña En catalogación 05.07.2018 Donado por CERTV   U58u 2024-3236 05.06.2024 05.06.2024 Folleto

Powered by Koha